Основы автоматического регулирования теплоэнергетических объектов: учебное пособие

Podrobná bibliografie
Hlavní autor: Стефани Е. П. Евгений Павлович
Korporativní autor: Московский энергетический институт (МЭИ)
Jazyk:ruština
Vydáno: Москва, [Б. и.], 1970
Médium: Kniha
KOHA link:https://koha.lib.tpu.ru/cgi-bin/koha/opac-detail.pl?biblionumber=84536

MARC

LEADER 00000nam1a2200000 4500
001 84536
005 20231031100635.0
035 |a (RuTPU)RU\TPU\book\90861 
090 |a 84536 
100 |a 20051101d1970 m y0rusy50 ca 
101 0 |a rus 
102 |a RU 
200 1 |a Основы автоматического регулирования теплоэнергетических объектов  |e учебное пособие  |f Е. П. Стефани  |g Московский энергетический институт, Кафедра теплового контроля и автоматики 
210 |a Москва  |c [Б. и.]  |d 1970 
700 1 |a Стефани  |b Е. П.  |g Евгений Павлович 
712 0 2 |a Московский энергетический институт (МЭИ)  |c (1930-1992)  |2 stltpush  |3 (RuTPU)RU\TPU\col\20092 
801 1 |a RU  |b 63413507  |c 20051101  |g PSBO 
801 2 |a RU  |b 63413507  |c 20141203  |g PSBO 
942 |c BK